[Event "POL-chT2"]
[Site "?"]
[Date "1998.??.??"]
[Round "?"]
[White "Gromczak Dariusz"]
[Black "Kopacz Grzegorz"]
[Result "0-1"]
[WhiteElo "2250"]
[BlackElo "2175"]
[PlyCount "78"]
[EventDate "1998.??.??"]
[Source "www.chesslib.no"]
[SourceDate "2004.05.04"]

1. e4 c5 2. Nf3 Nc6 3. d4 cxd4 4. Nxd4 d5 5. Nxc6 bxc6 6. exd5 Qxd5 7. Be2 Qxd1+ 8. Bxd1 e5 9. Bf3 Kd7 10. g4 Nf6 11. Nc3 Bb7 12. Be3 Nd5 13. O-O-O Ke6 14. Bd2 Nxc3 15. Bxc3 Bc5 16. Rhe1 f6 17. Be4 Rad8 18. Ba5 Rxd1+ 19. Rxd1 g6 20. Rd2 f5 21. gxf5+ gxf5 22. Bd3 Bb6 23. Bc3 Re8 24. Bc4+ Kf6 25. Rd7 Bc8 26. Rxh7 Bxf2 27. Rh6+ Kg5 28. Rxc6 Be3+ 29. Bd2 Bxd2+ 30. Kxd2 f4 31. Rc7 e4 32. Rc5+ Kh4 33. Ke2 Bg4+ 34. Ke1 f3 35. Bf7 Re7 36. Bd5 e3 37. Bc4 f2+ 38. Kf1 Bh3+ 39. Ke2 f1=Q# 0-1

[Event "Pologne (championnat clubs ligue 2)"]
[Site "?"]
[Date "2004.09.05"]
[Round "2.62"]
[White "Dabrowski Grzegorz"]
[Black "Kasperek Ryszard"]
[Result "1/2-1/2"]
[WhiteElo "2175"]
[BlackElo "2243"]
[PlyCount "60"]
[EventDate "2004.??.??"]
[Source "www.chesslib.no"]
[SourceDate "2004.05.04"]

1. e4 c5 2. Nf3 Nc6 3. d4 cxd4 4. Nxd4 d5 5. Bb5 dxe4 6. Nxc6 Qxd1+ 7. Kxd1 a6 8. Ba4 Bd7 9. Nc3 Bxc6 10. Bxc6+ bxc6 11. Nxe4 e5 12. Re1 O-O-O+ 13. Bd2 f6 14. c3 Ne7 15. Nc5 Nd5 16. Ne6 Rd7 17. Nxf8 Rxf8 18. Kc2 g5 19. Rad1 Nf4 20. Bxf4 gxf4 21. Rxd7 Kxd7 22. g3 fxg3 23. hxg3 Ke6 24. Re4 Rb8 25. Ra4 Rb6 26. b3 c5 27. Kd3 Rd6+ 28. Ke3 h5 29. Rh4 Rd1 30. Ke2 Rc1 1/2-1/2

[Event "HUN-ch U14"]
[Site "?"]
[Date "1999.04.04"]
[Round "9"]
[White "Meszaros Tamas"]
[Black "Antal Gergely"]
[Result "1-0"]
[WhiteElo "2135"]
[BlackElo "2257"]
[PlyCount "81"]
[EventDate "1999.??.??"]
[Source "www.chesslib.no"]
[SourceDate "2004.05.04"]

1. e4 c5 2. Nf3 Nc6 3. d4 cxd4 4. Nxd4 d5 5. Bb5 dxe4 6. Nxc6 Qxd1+ 7. Kxd1 a6 8. Nd4+ axb5 9. Nxb5 Bg4+ 10. Ke1 O-O-O 11. N1c3 e5 12. h3 Bh5 13. Be3 f5 14. g4 fxg4 15. hxg4 Bxg4 16. Na4 Nf6 17. Ba7 Bb4+ 18. c3 Ba5 19. b4 Rd5 20. Bc5 Bc7 21. c4 Rd3 22. Nb2 Rd7 23. a4 h5 24. a5 h4 25. a6 bxa6 26. Rxa6 Bf3 27. Rh3 g5 28. Rxf6 Re8 29. Rf8 Rxf8 30. Bxf8 Bg2 31. Rh2 h3 32. Nd1 g4 33. Ne3 Bf3 34. Nd5 Bd8 35. Bd6 Rf7 36. Bxe5 Kd7 37. Nd4 Bh4 38. c5 Bg2 39. c6+ Ke8 40. c7 Bxf2+ 41. Ke2 1-0

[Event "HUN KO-ch"]
[Site "?"]
[Date "1998.??.??"]
[Round "?"]
[White "Eberth Zoltan"]
[Black "Biro David"]
[Result "1-0"]
[WhiteElo "2235"]
[BlackElo "2155"]
[PlyCount "89"]
[EventDate "1998.??.??"]
[Source "www.chesslib.no"]
[SourceDate "2004.05.04"]

1. e4 c5 2. Nf3 Nc6 3. d4 cxd4 4. Nxd4 d5 5. Bb5 dxe4 6. Nxc6 Qxd1+ 7. Kxd1 a6 8. Ba4 Bd7 9. Nc3 Bxc6 10. Bxc6+ bxc6 11. Nxe4 e5 12. Re1 O-O-O+ 13. Bd2 h6 14. Kc1 Be7 15. Bc3 Rd5 16. b3 f5 17. Ng3 Ba3+ 18. Bb2 Bxb2+ 19. Kxb2 e4 20. Re2 g6 21. f3 exf3 22. gxf3 Kc7 23. Re8 Rd8 24. Rae1 Nf6 25. R1e7+ Kb6 26. Rxh8 Rxh8 27. Re6 Rf8 28. b4 Kc7 29. c4 Kd7 30. Re5 Re8 31. Ra5 f4 32. Nf1 Re2+ 33. Kc3 Rf2 34. Nd2 Rxh2 35. Rxa6 h5 36. b5 Ne8 37. Ra7+ Kd8 38. b6 Nd6 39. a4 Rxd2 40. Kxd2 Nxc4+ 41. Kd3 Nxb6 42. a5 Nd5 43. Rg7 Kc8 44. Ke4 Nc7 45. Rxg6 1-0

[Event "Budapest FS04 IM-B"]
[Site "Budapest"]
[Date "2001.04.15"]
[Round "9"]
[White "Sipos, Istvan"]
[Black "Roberts, Paul"]
[Result "1-0"]
[WhiteElo "2206"]
[BlackElo "2177"]
[PlyCount "67"]
[EventDate "2001.04.07"]
[Source "ChessBase"]
[SourceDate "2001.05.06"]

1. e4 c5 2. Nf3 Nc6 3. d4 cxd4 4. Nxd4 d5 5. exd5 Qxd5 6. Be3 e6 7. Nc3 Bb4 8. Ndb5 Qe5 9. a3 Bxc3+ 10. Nxc3 Nf6 11. Bd3 O-O 12. Qf3 Qh5 13. Qxh5 Nxh5 14. O-O-O Nf6 15. Bg5 Ng4 16. Rhf1 f6 17. Bf4 Nge5 18. Bb5 a6 19. Ba4 Ng6 20. Be3 b5 21. Bb3 Na5 22. Ba2 Ne5 23. Bc5 Re8 24. f4 Nd7 25. Bf2 f5 26. Nd5 Rb8 27. Nc7 Re7 28. Bxe6+ Rxe6 29. Nxe6 h6 30. Rfe1 Nb7 31. Nc7 Nbc5 32. Bxc5 Nxc5 33. Re8+ Kf7 34. Rdd8 1-0

[Event "Lampertheim op 1st"]
[Site "?"]
[Date "2000.??.??"]
[Round "?"]
[White "Pfrommer Christoph"]
[Black "Mueller Erich"]
[Result "1/2-1/2"]
[WhiteElo "2330"]
[BlackElo "2050"]
[PlyCount "49"]
[EventDate "2000.??.??"]
[Source "www.chesslib.no"]
[SourceDate "2004.05.04"]

1. e4 c5 2. Nf3 Nc6 3. d4 cxd4 4. Nxd4 d5 5. Bb5 dxe4 6. Nxc6 Qxd1+ 7. Kxd1 a6 8. Ba4 Bd7 9. Nc3 Bxc6 10. Bxc6+ bxc6 11. Nxe4 Nf6 12. Nxf6+ gxf6 13. Ke2 Rg8 14. g3 Rb8 15. Rd1 e5 16. Rd3 Be7 17. Rb3 Kd7 18. Be3 Rb5 19. Rd1+ Ke6 20. Rdd3 Rgb8 21. f3 Rxb3 22. axb3 f5 23. Rd1 Rb5 24. Ra1 a5 25. Kd3 1/2-1/2

[Event "Goch op 10th"]
[Site "?"]
[Date "1999.10.17"]
[Round "6.12"]
[White "Bakhmatov Eduard"]
[Black "Harff Wilfried"]
[Result "1-0"]
[WhiteElo "2261"]
[BlackElo "2071"]
[PlyCount "93"]
[EventDate "1999.??.??"]
[Source "www.chesslib.no"]
[SourceDate "2004.05.04"]

1. e4 c5 2. Nf3 Nc6 3. d4 cxd4 4. Nxd4 d5 5. Bb5 dxe4 6. Nc3 Bd7 7. Bxc6 Bxc6 8. Nxc6 Qxd1+ 9. Kxd1 bxc6 10. Nxe4 e5 11. Re1 O-O-O+ 12. Ke2 h6 13. Kf1 g6 14. Nc3 Bd6 15. Be3 Bb8 16. Bc5 f5 17. Nd1 Rh7 18. Ne3 Rb7 19. Nc4 Rd5 20. b4 Rf7 21. Na5 Rf6 22. c4 Rd7 23. Rad1 Re6 24. Rxd7 Kxd7 25. b5 cxb5 26. cxb5 Bc7 27. Nc4 a6 28. Rd1+ Kc8 29. b6 Bb8 30. Na5 Nf6 31. Rc1 Kd7 32. Rd1+ Ke8 33. b7 Nd7 34. Rc1 Kf7 35. Ba3 Rb6 36. Rc8 e4 37. Nc6 Rb1+ 38. Ke2 Bxh2 39. g3 f4 40. Rc7 Ke8 41. Rc8+ Kf7 42. Rc7 Ke8 43. Bd6 g5 44. Ne5 Rb2+ 45. Kd1 Nxe5 46. Bxe5 e3 47. Bxb2 1-0

[Event "HUN-ch U16"]
[Site "?"]
[Date "1997.??.??"]
[Round "7"]
[White "Kiss Gedeon"]
[Black "Biro David"]
[Result "0-1"]
[WhiteElo "2190"]
[BlackElo "2135"]
[PlyCount "86"]
[EventDate "1997.??.??"]
[Source "www.chesslib.no"]
[SourceDate "2004.05.04"]

1. e4 c5 2. Nf3 Nc6 3. d4 cxd4 4. Nxd4 d5 5. Bb5 dxe4 6. Nxc6 Qxd1+ 7. Kxd1 a6 8. Ba4 Bd7 9. Nc3 Bxc6 10. Bxc6+ bxc6 11. Nxe4 e5 12. c3 h6 13. Kc2 O-O-O 14. Bd2 f5 15. Ng3 g6 16. Rhe1 Bd6 17. Rad1 Nf6 18. f3 e4 19. Be3 c5 20. Bf2 Rhe8 21. a3 a5 22. Nf1 f4 23. fxe4 Nxe4 24. Bg1 Kc7 25. Re2 Re7 26. Rde1 Rde8 27. Nd2 Nxd2 28. Rxe7+ Rxe7 29. Rxe7+ Bxe7 30. Kxd2 Kc6 31. a4 Kd5 32. b3 Ke4 33. Bf2 g5 34. Ke2 g4 35. Be1 f3+ 36. Kf1 Bd6 37. Bd2 h5 38. gxf3+ Kxf3 39. Kg1 Bf4 40. Be1 Be3+ 41. Kh1 Bf2 42. Bd2 h4 43. c4 g3 0-1

[Event "Open"]
[Site "Liverpool ENG"]
[Date "2007.09.09"]
[Round "9"]
[White "Williamson, R."]
[Black "Jowett, P."]
[Result "1/2-1/2"]
[WhiteElo "2129"]
[BlackElo "2196"]
[PlyCount "54"]
[EventDate "2007.09.04"]
[Source "www.chesslib.no"]
[SourceDate "2004.05.04"]

1. e4 c5 2. Nf3 Nc6 3. d4 cxd4 4. Nxd4 d5 5. Bb5 dxe4 6. Nxc6 Qxd1+ 7. Kxd1 a6 8. Bc4 bxc6 9. Nc3 Nf6 10. Bg5 Bf5 11. h3 e6 12. Re1 Bb4 13. Bd2 Bxc3 14. Bxc3 O-O 15. Bxf6 gxf6 16. Re3 Bg6 17. Rc3 Rfd8+ 18. Ke1 f5 19. Be2 Rab8 20. Rxc6 Rxb2 21. Bxa6 f4 22. Be2 e3 23. fxe3 fxe3 24. Rc3 Rd2 25. Rxe3 Rdxc2 26. a3 Kf8 27. Bf3 Ke7 1/2-1/2